[Event "Sheikh Russel GM 2021"]
[Site "Dhaka"]
[Date "2021.10.26"]
[Round "8.13"]
[White "Aronyak Ghosh"]
[Black "Karthikeyan, P.."]
[Result "1-0"]
[WhiteElo "2445"]
[BlackElo "2404"]
[Annotator "TA"]
[PlyCount "73"]
[EventDate "2021.10.19"]
[EventType "swiss"]
[EventCountry "BAN"]
[SourceTitle "playchess.com"]
[Source "ChessBase"]
[SourceQuality "1"]

{[%evp 9,73,0,16,3,18,20,7,-1,25,31,24,24,36,35,26,33,22,21,29,22,43,14,25,20,60,35,47,50,52,47,43,41,64,60,60,38,41,32,33,47,36,0,37,0,52,43,83,87,181,172,166,123,645,661,789,778,703,490,508,439,29988,29989,29997,29990,29998,29999]} 1. c4 e5 2. Nc3 Nf6 3. Nf3 Nc6 4. e3 Bb4 5. Qc2 h6 6. Nd5 {A28: English Opening: Four Knights Variation.} Bd6 7. a3 O-O 8. b4 {The position is equal.} Nxd5 9. cxd5 Ne7 10. Bb2 Nxd5 11. Nxe5 c6 12. Bc4 Bxe5 13. Bxe5 d6 {[#]} 14. Bb2 $146 ({Predecessor:} 14. Bg3 Qf6 15. O-O Ne7 16. f3 Rd8 17. Bd3 Be6 18. e4 a5 19. b5 Rac8 20. Qa4 {½-½ (30) Class,W (2454)-Rosche,E (2420) Remote email 2012}) 14... Qg5 15. f4 Qh4+ ({Don't play} 15... Qxg2 $6 16. O-O-O $16) 16. g3 Qh5 17. e4 Bh3 {...Qf3 is the strong threat.} 18. Be2 (18. exd5 $2 Qf3 $19) 18... Bg4 {[%cal Rg4e2]} 19. Bxg4 ({Avoid the trap} 19. exd5 $2 Rae8 $19) 19... Qxg4 20. O-O Nc7 21. f5 f6 22. d3 Qh5 23. Qg2 Qf7 24. g4 a5 25. b5 Nxb5 26. a4 Nc7 27. h4 $1 Ra6 28. g5 {Strongly threatening gxf6.} hxg5 (28... Ne8 $16) 29. hxg5 $18 fxg5 30. Rf3 {aiming for Rh3.} Ne6 $2 {[%mdl 8192] [#] Black cannot hold the game after this.} 31. Raf1 $1 {[%cal Ba1f1,Bf1f2,Bf2h2][%mdl 32]} Nf4 32. Qxg5 Rb6 33. R1f2 (33. Qxf4 Rxb2 34. Qxd6 Qh5 $14) 33... Nh5 34. Rh3 Nf6 (34... Rxb2 $18 35. Rxb2 Qf6 36. Qxf6 (36. Qxh5 Qxb2 37. Qh7+ Kf7 $11) 36... Nxf6 37. Rxb7 c5) 35. Rfh2 {[%csl Gh2][%cal Rh3h8] White mates.} Qb3 36. Rh8+ Kf7 {[#]} 37. Qxg7+ $1 {[%mdl 512] Weighted Error Value: White=0.14/Black=0.51} 1-0

[Event "Sheikh Russel GM 2021"]
[Site "Dhaka"]
[Date "2021.10.26"]
[Round "8.14"]
[White "Laxman, R.R."]
[Black "Malakhatko, Vadim"]
[Result "1/2-1/2"]
[WhiteElo "2411"]
[BlackElo "2444"]
[Annotator "TA"]
[PlyCount "40"]
[EventDate "2021.10.19"]
[EventType "swiss"]
[EventCountry "BAN"]
[SourceTitle "playchess.com"]
[Source "ChessBase"]
[SourceQuality "1"]

{[%evp 9,27,30,35,37,39,29,45,33,46,48,48,18,27,23,25,30,24,15,8,0]} 1. d4 d5 2. Nf3 Nf6 3. c4 c6 4. e3 a6 5. Nbd2 e6 6. b3 {D11: Slav Defence: 3 Nf3 sidelines and 3...Nf6 4 e3 Bg4.} c5 7. Bb2 Nc6 8. Be2 {White is slightly better.} dxc4 9. Nxc4 cxd4 10. O-O {[%cal Rf3d4]} b5 11. Nce5 Nxe5 12. Nxe5 {And now Bf3 would win.} Bb7 13. Bf3 Bxf3 14. Qxf3 {[#]  Weighted Error Value: White=0.09/Black=0.05} {Predecessor:} Qd5 $146 15. Rac1 Qxf3 16. gxf3 dxe3 17. fxe3 Nd5 18. e4 Nf4 19. Rc7 Bd6 20. Rc6 Be7 {0-1 (26) Sargissian,G (2670)-Jumabayev,R (2651) Chess.com INT 2021} 1/2-1/2

[Event "Sheikh Russel GM 2021"]
[Site "Dhaka"]
[Date "2021.10.26"]
[Round "8.15"]
[White "Deepan Chakkravarthy J."]
[Black "Srijit Paul"]
[Result "1-0"]
[WhiteElo "2535"]
[BlackElo "2332"]
[Annotator "TA"]
[PlyCount "58"]
[EventDate "2021.10.19"]
[EventType "swiss"]
[EventCountry "BAN"]
[SourceTitle "playchess.com"]
[Source "ChessBase"]
[SourceQuality "1"]

{[%evp 18,58,41,18,14,25,16,0,38,11,41,0,12,11,20,4,41,41,40,45,40,35,85,32,38,5,4,6,118,112,190,178,231,254,363,357,384,396,601,611,695,662,1918]} 1. d4 f5 2. c4 Nf6 3. Nc3 d6 4. Nf3 g6 5. g3 Bg7 6. Bg2 O-O 7. O-O Qe8 8. d5 Na6 {[%cal Bb8a6,Ba6c5,Bc5e4][%mdl 32]} 9. Rb1 Nc5 {9...c6 is not played anymore.} 10. Nd4 Nfe4 {A87: Dutch Defence: Leningrad System: 5 Nf3.} 11. Nxe4 Nxe4 12. Be3 Bd7 {[#] The position is equal.} 13. Qc2 $146 ({Predecessor:} 13. Qd3 Nc5 14. Qd2 a5 15. b3 b6 16. a3 Qf7 17. b4 axb4 18. axb4 Ne4 19. Qd3 {½-½ (26) Henrichs,T (2496)-Berelowitsch,A (2587) Belgium 2007}) 13... c5 14. dxc6 bxc6 15. b4 Qf7 16. Bxe4 Bxd4 (16... fxe4 {seems wilder.} 17. Qxe4 d5 18. Qh4 e5 19. Nf3 Bf6) 17. Bg2 Bxe3 18. fxe3 Rab8 19. a3 Qg7 20. Qd3 (20. Qa4 $16) 20... Rfc8 $14 21. Qd4 Be6 22. Rfc1 Qf7 (22... a6 $11 {remains equal.}) 23. Qxa7 $16 Bxc4 {[#]} (23... Ra8 $16 {keeps fighting.} 24. Qd4 Rxa3) 24. Bxc6 $1 $18 {[%mdl 512]} Bxe2 (24... Ba2 $142) 25. Qd4 h5 (25... g5 $142 26. b5 f4) 26. a4 {[%cal Ba3a4,Ba4a5][%mdl 32]} h4 27. b5 h3 (27... hxg3 $142 28. hxg3 Qh7 29. Bd5+ Kf8 30. Rxc8+ Rxc8) 28. Qd2 Bg4 29. a5 e5 {Weighted Error Value: White=0.10/Black=0.54} 1-0

[Event "Sheikh Russel GM 2021"]
[Site "Dhaka"]
[Date "2021.10.26"]
[Round "8.16"]
[White "Sadikhov, Ulvi"]
[Black "Abdisalimov, Abdimalik"]
[Result "0-1"]
[WhiteElo "2517"]
[BlackElo "2406"]
[Annotator "TA"]
[PlyCount "93"]
[EventDate "2021.10.19"]
[EventType "swiss"]
[EventCountry "BAN"]
[SourceTitle "playchess.com"]
[Source "ChessBase"]
[SourceQuality "1"]

{[%evp 9,93,14,19,18,18,14,14,16,5,8,14,20,26,34,33,16,20,25,37,30,41,16,47,43,37,13,20,20,45,-7,37,29,35,0,133,-12,-7,-8,11,16,18,-5,-4,-13,-11,-94,-91,-89,-93,-90,-80,-92,-100,-102,-106,-97,-81,-100,-31,-270,-260,-398,-385,-385,-376,-376,-368,-405,-395,-354,-351,-371,-331,-322,-268,-347,-368,-427,-418,-532,-532,-532,-518,-518,-428,-12845]} 1. c4 g6 2. Nc3 Bg7 3. g3 c5 4. Bg2 Nc6 5. Nf3 e6 6. h4 {A37: Symmetrical English vs ...g6: 4 Bg2 Bg7 5 Nf3.} h6 7. e3 Nge7 8. d4 {The position is equal.} cxd4 9. Nxd4 Nxd4 10. exd4 d5 11. cxd5 {[#]} exd5 $146 ({Predecessor:} 11... Nxd5 12. O-O O-O 13. Qb3 Ne7 14. Rd1 Nf5 15. Ne2 a5 16. Bf4 a4 17. Qa3 Qb6 {½-½ (74) Carlsen,M (2861)-So,W (2754) Abidjan 2019}) 12. O-O Be6 13. Bf4 Qd7 14. Re1 O-O 15. Be5 f6 16. Bf4 Bf7 17. Qd3 Nc6 18. Kh2 g5 {[#]} 19. Bd2 (19. Bh3 $1 $14 Qd8 (19... g4 20. Bg2) 20. Be3) 19... Qg4 20. Nxd5 {Strongly threatening Ne7+.} Rad8 21. Ne3 (21. Ne7+ {feels hotter.} Nxe7 22. Rxe7 Rxd4 23. Qe3 f5 24. Bc3) 21... Rxd4 (21... Qxd4 $11 22. Qxd4 Nxd4) 22. Nxg4 (22. Qc2 $16 Qh5 23. Bc3) 22... Rxd3 $11 23. Bc3 Bh5 24. Ne3 f5 25. Bxg7 Kxg7 26. hxg5 hxg5 27. Nc4 (27. Rac1 $1 $11) 27... Nd4 $1 $17 {[%cal Rd4c2] Threatens to win with ...Nc2.} 28. Re7+ {[%mdl 64] Double Attack} Kf6 $1 {[%cal Rf6e7]} 29. Rae1 (29. Rxb7 $2 Nf3+ 30. Bxf3 Bxf3 $19) 29... Rh8 {( -> ...Nf3+)} 30. Kg1 f4 $1 31. gxf4 (31. Rxb7 $2 Nf3+ 32. Bxf3 Bxf3 $19) (31. Bxb7 $2 Bf3 $19) 31... gxf4 32. Ne5 Kxe7 (32... Rd2 {seems wilder.} 33. Nd7+ Kg5 34. Nc5 Re2 35. Ne4+ Kg6) 33. Nxd3+ {[#]} Kf6 (33... Kd6 $1 $17 {...Nf3+ is the strong threat.} 34. f3 (34. Nxf4 $2 Nf3+ 35. Kf1 Nxe1 $19) 34... Bxf3) 34. Re4 $2 {This costs White the game.} ({Avoid the trap} 34. Nxf4 $2 Nf3+ 35. Kf1 (35. Bxf3 $2 Bxf3 36. Ng2 Rg8 $19) 35... Nxe1 $19) (34. Bxb7 $2 Nf3+ 35. Kf1 (35. Bxf3 Bxf3 36. Re6+ Kf5 37. Re5+ Kg4 38. Rh5 Rxh5 39. Ne5+ Rxe5 40. Kf1 Kh3 41. b4 Bg2+ 42. Kg1 Re1#) 35... Nxe1 $19) (34. f3 $1 $15) 34... Ne2+ $19 35. Kf1 {[#]} (35. Rxe2 $142 Bxe2 36. Nxf4) 35... f3 $1 {[%cal Rf3g2]} 36. Bh3 Bf7 37. Nf4 {Now Ke1 and White clings on.} Kg5 38. Nxe2 fxe2+ ({Less strong is} 38... Rxh3 39. Ng3 $15) 39. Kxe2 Rxh3 {[%mdl 4096] Endgame KRB-KR} 40. Re7 Rh7 41. Ke3 Bg8 42. Re5+ Kf6 43. Ra5 a6 44. a3 Rh3+ {Black is clearly winning.} 45. f3 Bf7 46. Ra4 Bd5 47. Kd4 {Weighted Error Value: White=0.34/Black=0.15} (47. Rg4 $142) 0-1

[Event "Sheikh Russel GM 2021"]
[Site "Dhaka"]
[Date "2021.10.26"]
[Round "8.17"]
[White "Pranav Vijay"]
[Black "Shahil Dey"]
[Result "1-0"]
[WhiteElo "2265"]
[BlackElo "2398"]
[Annotator "TA"]
[PlyCount "87"]
[EventDate "2021.10.19"]
[EventType "swiss"]
[EventCountry "BAN"]
[SourceTitle "playchess.com"]
[Source "ChessBase"]
[SourceQuality "1"]

{[%evp 27,87,0,0,10,6,11,26,-5,49,0,80,94,190,190,182,168,169,150,186,172,202,184,254,228,258,165,269,267,283,266,243,237,335,331,510,515,493,437,718,708,732,677,719,714,714,704,867,864,954,947,1073,1035,1204,1107,1591,1631,2166,1956,2340,1722,3568,2866]} 1. e4 c5 2. Nf3 e6 3. d4 cxd4 4. Nxd4 Nf6 5. Nc3 Nc6 6. Nxc6 bxc6 7. e5 Nd5 8. Ne4 Qc7 9. f4 Qb6 10. c4 Bb4+ 11. Ke2 f5 12. Nf2 Ba6 13. Kf3 Ne7 14. Be3 Bc5 15. Bxc5 {B45: Sicilian Four Knights.} Qxc5 16. Qd6 Qb6 17. b4 {White has an edge.} Rd8 (17... c5 $11) 18. Rd1 {[#]} Qb8 $146 (18... g5 $11 19. fxg5 c5) ({Predecessor:} 18... c5 19. bxc5 Bb7+ 20. Kg3 Qb2 21. Rd2 Qc3+ 22. Qd3 Qa5 23. Qd6 g5 24. fxg5 Qc3+ {½-½ (44) Todorovic,G (2417)-Perunovic,M (2576) Vrnjacka Banja 2020}) 19. h4 $16 Qa8 (19... Qb6 $16) 20. Qc5 $18 Nc8 21. Be2 Nb6 22. Ke3 Qb8 {[#]} 23. Rd4 $1 Kf7 24. Rhd1 Rhe8 (24... Qb7 $142 25. b5 cxb5) 25. Qa5 Qc8 26. Kd2 g6 (26... Qb7 $142 27. Ke1 d5) 27. Ke1 Re7 28. R1d2 h6 29. Qa3 Bb7 (29... Rg8 {is a better defense.} 30. g4 Bb7) 30. Nd3 ({Less strong is} 30. Qxa7 Qc7 $16) 30... c5 (30... Qb8 {keeps fighting.} 31. h5 g5 32. fxg5 hxg5) 31. Nxc5 {White is clearly winning.} Bxg2 32. Qxa7 Qc6 (32... Qb8 $142 33. Qxb8 Rxb8) 33. Rd6 Nc8 34. Rxc6 Nxa7 35. Rc7 Nc6 36. b5 Nb8 37. Kf2 Ba8 38. Rd6 Be4 39. a4 {[%cal Ba2a4,Ba4a5,Ba5a6,Ba6a7][%mdl 32]} g5 40. Bh5+ Kf8 41. a5 gxh4 42. a6 h3 43. Nxe4 fxe4 44. a7 {Black got outplayed after the opening.  Weighted Error Value: White=0.11/Black=0.51} 1-0

[Event "Sheikh Russel GM 2021"]
[Site "Dhaka"]
[Date "2021.10.26"]
[Round "8.18"]
[White "Mohammad Fahad, Rahman"]
[Black "Vignesh N R"]
[Result "1/2-1/2"]
[WhiteElo "2330"]
[BlackElo "2453"]
[Annotator "TA"]
[PlyCount "133"]
[EventDate "2021.10.19"]
[EventType "swiss"]
[EventCountry "BAN"]
[SourceTitle "playchess.com"]
[Source "ChessBase"]
[SourceQuality "1"]

{[%evp 14,133,0,0,0,0,0,0,0,0,0,0,18,0,0,-1,0,-47,-49,-32,-29,-27,-41,-33,0,0,0,0,0,0,0,0,18,7,15,16,16,13,30,0,0,0,0,0,0,0,77,77,72,72,72,80,80,43,43,36,36,36,80,80,80,80,80,80,80,80,80,80,80,80,81,80,81,73,81,80,80,80,81,80,81,80,81,0,81,80,80,80,80,80,80,80,80,80,80,80,80,80,80,80,80,80,80,45,45,45,45,45,45,45,51,51,51,51,51,11,11,11,11,11,11,11]} 1. d4 Nf6 2. c4 e6 3. Nf3 d5 4. Nc3 c6 5. e3 Nbd7 6. Be2 Bd6 $1 {The main line 6...Bd6 scores better than 6...dxc4.} 7. O-O O-O 8. b3 b6 {D45: Semi-Slav: 5 e3.} 9. Bb2 Bb7 10. Bd3 Re8 11. Re1 h6 {[#]} 12. h3 $146 ({Predecessor:} 12. Rc1 dxc4 13. bxc4 c5 14. d5 exd5 15. Nxd5 Nxd5 16. cxd5 Bxd5 17. Bb5 Bxf3 18. Qxf3 {0-1 (39) Visakh,N (2516)-Fier,A (2558) Barcelona 2021}) 12... a6 13. Rc1 dxc4 14. bxc4 c5 15. d5 exd5 16. Nxd5 Nxd5 17. cxd5 Bxd5 18. Be2 {[#]} Be5 $1 19. Qxd5 {[%cal Rf3e5]} Bxb2 20. Rb1 Bf6 21. Red1 Ra7 22. a4 Qc7 23. Nd2 Ne5 24. Ne4 Be7 25. Qb3 $36 {[%mdl 2048] White has some pressure.} Rb8 26. Rd5 b5 27. Qc3 Nd7 {aiming for ...Qb7.} 28. axb5 Rab7 {[%cal Ra6b5]} 29. Rbd1 Nf6 (29... Nb6 $1 $11 30. Rf5 axb5) 30. Nxf6+ $16 Bxf6 31. Qc2 axb5 32. Rxc5 Qe7 33. Bf3 {Strongly threatening Rc8+.} Ra7 34. Rc8+ Rxc8 35. Qxc8+ Kh7 {[#]} 36. Qf5+ $1 g6 37. Qxb5 Ra1 38. Rxa1 Bxa1 39. g3 Kg7 40. Kg2 Be5 41. Bd5 h5 42. Qc4 Qc7 43. Qe4 Bf6 44. Bc4 Qe5 45. Qb7 Be7 46. Bb3 Qf6 47. Qd5 Qf5 48. Qb7 ({Better is} 48. Qxf5 $16 gxf5 49. Kf3) 48... Qe5 (48... Qf6 $1 $11) 49. Bd5 g5 50. Bb3 h4 51. g4 Qf6 52. Qd7 Qe5 53. Bd5 Qd6 54. Qf5 Qf6 55. Qe4 Bd6 56. Qe8 Qe7 57. Qa4 Qe5 58. Qd4 (58. Bb3 {looks sharper.} Qh2+ 59. Kf1 Qe5 60. Qc4 Qf6 61. Qd5) 58... Qxd4 59. exd4 $14 {[%mdl 4096] Endgame KB-KB} Kf6 60. Kf3 Ke7 61. Ke4 f6 62. Bg8 Bh2 63. Kd5 Bg1 64. f4 gxf4 {The position is equal.} 65. Ke4 f3 66. Kxf3 Bxd4 67. Ke4 {Weighted Error Value: White=0.06/Black=0.08} 1/2-1/2

[Event "Sheikh Russel GM 2021"]
[Site "Dhaka"]
[Date "2021.10.26"]
[Round "8.19"]
[White "Ulybin, Mikhail"]
[Black "Himanshu, Sharma"]
[Result "1/2-1/2"]
[WhiteElo "2443"]
[BlackElo "2394"]
[Annotator "TA"]
[PlyCount "169"]
[EventDate "2021.10.19"]
[EventType "swiss"]
[EventCountry "BAN"]
[SourceTitle "playchess.com"]
[Source "ChessBase"]
[SourceQuality "1"]

{[%evp 19,169,8,6,0,0,0,12,-23,0,0,0,0,0,0,0,0,0,-25,-11,-16,17,8,35,0,0,0,0,0,26,22,20,26,87,93,76,67,72,43,39,4,0,-30,-37,-38,-58,-60,0,-40,-20,-93,-93,-266,-162,-146,-104,-139,-110,-120,-108,-132,-132,-199,-199,-197,-197,-199,-200,-202,-129,-108,-124,-269,-268,-266,-261,-256,-245,-254,-216,-266,-262,-309,-307,-295,-287,-365,-337,-335,0,-316,-291,-269,-231,-576,-540,-536,-337,-312,-322,-291,-66,-110,-93,-71,-63,-63,-63,-54,-54,-63,-63,-62,-54,-63,-63,-64,-64,-79,-39,-39,-39,-39,-39,-39,-39,-39,-39,-39,0,-39,0,-39,-39,-39,0,-39,-39,-39,-39,-39,-39,-39,0,-39,0,-39,-39,-39,0,-39,-39,-39]} 1. e4 c5 2. Nf3 e6 3. c3 Nf6 4. e5 Nd5 5. d4 cxd4 6. cxd4 d6 7. a3 Bd7 8. Bd3 Bc6 9. O-O Nd7 10. Re1 Rc8 11. Bg5 {B22: Sicilian: 2 c3.} Be7 12. Bxe7 Qxe7 13. Nbd2 {The position is equal.} dxe5 14. dxe5 {[#]} Nf4 $146 ({Predecessor:} 14... Nc5 15. Nc4 O-O 16. Nd6 Rc7 17. Bxh7+ Kxh7 18. Qc2+ Kg8 19. Qxc5 Nb6 20. Qe3 Bxf3 21. Qxf3 {½-½ (86) Bouchet,N (2298)-Kurmann,O (2396) France 2007}) 15. Be4 O-O 16. g3 Ng6 17. Bxc6 Rxc6 18. Rc1 Rxc1 19. Qxc1 Nc5 {Hoping for ...Nd3.} 20. Re3 Rd8 21. b4 Na4 22. h4 Qd7 23. Re4 Ne7 24. Rd4 Nd5 25. Ne4 {aiming for Nf6+!} Qe7 (25... Rc8 $11 {keeps the balance.} 26. Qg5 Qc7) 26. Qc2 $16 Nab6 27. Nfg5 {White wants to mate with Nf6+!} g6 $1 28. Kh2 Rc8 29. Qd3 h6 30. Nf6+ (30. Nf3 {is interesting.} Qc7 31. Nc5 a5 32. Qd2 Kh7 33. Kg2) 30... Nxf6 31. exf6 Qxf6 32. Ne4 {[%cal Re4f6]} Qe7 (32... Qf5 $15) 33. Qe3 h5 34. Qh6 (34. Rd3 $11) 34... Nd5 $17 35. Ng5 $2 (35. b5 $17 {was worth a try.}) 35... Qf6 36. Rd2 Rc1 37. Qh7+ Kf8 38. Re2 Rc7 39. Kg2 a6 {[%cal Ba7a6,Ba6a5][%mdl 32]} 40. a4 (40. Ne4 $17 Qg7 41. Qxg7+ Kxg7 42. Kf3) 40... b6 $19 41. b5 {[#]} a5 42. Kh2 Rc4 43. Kg2 Rc3 44. Kh2 {intending Ne4.} Rd3 45. Kg2 (45. Rc2 $17 {was forced.} Nc3 46. Nh3 (46. Qh6+ $2 Qg7 $19)) 45... Qg7 46. Qxg7+ Kxg7 {[%mdl 4096] Endgame KRN-KRN} 47. Re4 Rb3 48. Rc4 Rc3 49. Rd4 Kf8 50. Nf3 f6 51. Nd2 Ke7 52. f4 Rc5 53. Kf3 Rc3+ (53... Rc2 $19 {And now ...Ra2 would win.} 54. Ke2 Ra2) 54. Kf2 $2 {[%mdl 8192]} (54. Kg2 $1 $11 {and White has nothing to worry.}) 54... Ra3 55. Rc4 Kd7 56. Rc6 $2 (56. Ne4 {is tougher.}) 56... Rxa4 57. Nc4 Rb4 58. Nxb6+ Nxb6 59. Rxb6 {KR-KR} Re4 (59... Rb3 $19 {Threatens to win with ...a4.} 60. Ra6 Rxb5) 60. Ra6 {[#]} a4 $1 61. Kf3 f5 62. Kf2 Kc7 63. Kf3 Kb7 64. Kf2 Rb4 65. Kg2 Kc7 66. Kh3 Kd7 67. Kg2 Ke7 68. Kh3 e5 69. fxe5 Rxb5 70. Rxa4 Rxe5 71. Kg2 Rd5 72. Kf3 Kf6 73. Kf4 Rd3 74. Rb4 (74. Ra6+ {with more complications.} Kf7 75. Ra7+ Ke8 76. Ra8+ Kd7 77. Ra7+) 74... Kg7 75. Rb7+ Kh6 76. Rb4 Rd1 (76... Rc3 {feels hotter.} 77. Rb8 Rc5 78. Rb6 Rc7 79. Kf3 Kg7) 77. Kf3 Rf1+ 78. Ke2 Ra1 (78... Rg1 {seems wilder.} 79. Kf3 Ra1 80. Rb6 Ra3+ 81. Kf2 Rd3) 79. Kf3 Ra6 80. Kf4 Rc6 81. Ra4 Rc1 82. Kf3 Rc8 83. Kf4 Rg8 84. Ra6 Re8 85. Ra4 {And White is the lucky defender.  Weighted Error Value: White=0.38/Black=0.30} 1/2-1/2

[Event "Sheikh Russel GM 2021"]
[Site "Dhaka"]
[Date "2021.10.26"]
[Round "8.20"]
[White "Nandhidhaa, P V"]
[Black "Mohammad Nubairshah Shaikh"]
[Result "1/2-1/2"]
[WhiteElo "2318"]
[BlackElo "2440"]
[Annotator "TA"]
[PlyCount "137"]
[EventDate "2021.10.19"]
[EventType "swiss"]
[EventCountry "BAN"]
[SourceTitle "playchess.com"]
[Source "ChessBase"]
[SourceQuality "1"]

{[%evp 27,137,67,68,71,62,65,95,97,97,91,98,61,88,87,91,83,81,81,96,89,86,87,97,62,71,44,61,49,53,55,58,58,75,74,70,72,84,37,73,64,81,65,72,41,57,51,57,30,73,62,66,64,60,54,70,70,70,70,72,64,61,61,61,71,69,47,53,8,8,8,8,8,8,8,18,19,31,31,31,53,52,76,52,52,52,8,8,8,8,8,8,8,8,8,8,8,8,8,8,8,8,8,8,8,8,0,0,0,0,0,0,0]} 1. e4 {Meulders,R} c5 2. Nf3 e6 3. d4 cxd4 4. Nxd4 a6 5. Bd3 Nf6 6. O-O Qc7 7. Qe2 d6 8. c4 g6 9. Nc3 Bg7 10. Be3 O-O 11. Rac1 b6 12. Rfd1 Bb7 13. f3 Nbd7 14. Qf2 Rac8 15. Bf1 {[#] B42: Sicilian: Kan Variation: 5 Bd3.} Ne5 $146 ({Predecessor:} 15... Nh5 16. b4 Be5 17. g3 Rfe8 18. f4 Bg7 19. Ndb5 axb5 20. Nxb5 Qc6 21. Nxd6 Nhf6 22. Bg2 Ng4 23. Qe2 Nxe3 24. Qxe3 Bf8 25. Nxe8 Rxe8 {0-1 (53) Kalod,R (2455)-Movsesian,S (2630) Zlin 1997 CBM 061 [Meulders,R]}) 16. Nb3 Ned7 17. Qd2 {White is better.} Ne8 18. Nd4 Nef6 19. Nde2 Ne8 20. b3 Qb8 21. Nf4 Bf6 22. Nd3 Bd8 23. Bh6 Ng7 24. Nf2 Be7 25. Qd4 {[%csl Gh6][%cal Rd4g7]} ({Reject} 25. Bxg7 $6 Kxg7 26. g3 (26. Ng4 Ne5 $11) 26... Qc7 $11) (25. Bf4 {looks sharper.} Ne5 26. Na4 Qc7 27. Be3 Nd7 28. Ng4) 25... f6 $1 26. Be3 f5 27. Qd2 Bc6 28. Bg5 Bxg5 29. Qxg5 Ne5 30. Qd2 Rcd8 31. f4 Nf7 32. Re1 b5 33. exf5 gxf5 34. cxb5 axb5 35. Ne2 Qb6 36. Nd4 Bd7 37. Qe3 Rb8 38. Nd3 Rfe8 39. Nc2 Qxe3+ 40. Nxe3 Rec8 41. Nb4 Nh5 42. g3 Nf6 43. Bg2 Kf8 44. Nec2 d5 45. Nd4 Ne4 46. Rxc8+ Rxc8 47. g4 fxg4 48. Bxe4 dxe4 49. Rxe4 Rc1+ 50. Kf2 Rd1 51. Nxe6+ Bxe6 52. Rxe6 $11 {[%mdl 4096] Endgame KRN-KRN} Rd4 53. Nc6 Rxf4+ 54. Kg3 Rf3+ 55. Kxg4 Rf2 56. Nb4 Rg2+ {The position is equal.} 57. Kf3 Rxa2 58. Nxa2 Ng5+ {[%mdl 64] [#] Double Attack} 59. Kf4 Nxe6+ {KN-KN} 60. Ke5 Ng5 61. b4 Nf3+ 62. Kd6 Nxh2 63. Nc3 Nf3 64. Nxb5 h5 65. Nc7 Nd4 {Threatens to win with ...h4.} 66. Ke5 Nc6+ {[%mdl 64] [#] Double Attack} (66... h4 $5 67. Kf4 $8 (67. Kxd4 $2 h3 $19) 67... Ke7 $11) 67. Kf5 Nxb4 68. Kg5 Ke7 69. Kxh5 {Weighted Error Value: White=0.08/Black=0.05} 1/2-1/2

[Event "Sheikh Russel GM 2021"]
[Site "Dhaka"]
[Date "2021.10.26"]
[Round "8.21"]
[White "Girinath, P.D.S."]
[Black "Karpatchev, Aleksandr"]
[Result "1-0"]
[WhiteElo "2335"]
[BlackElo "2427"]
[Annotator "TA"]
[PlyCount "103"]
[EventDate "2021.10.19"]
[EventType "swiss"]
[EventCountry "BAN"]
[SourceTitle "playchess.com"]
[Source "ChessBase"]
[SourceQuality "1"]

{[%evp 9,103,19,14,5,33,12,12,17,18,22,23,12,23,20,69,74,80,71,92,36,107,50,123,98,202,154,250,237,231,241,329,272,238,165,219,141,136,118,120,120,125,128,122,95,154,143,213,151,230,237,231,235,220,231,223,222,243,246,264,190,179,183,374,367,493,450,585,556,1210,1307,544,1120,907,866,856,838,580,100,114,40,45,39,108,78,225,218,29972,29974,29974,29975,29976,29977,29978,29979,29980,29981]} 1. e4 e5 2. Nf3 Nc6 3. Nc3 Nf6 4. Bb5 Bd6 5. d3 a6 6. Ba4 {C48: Four Knights: 4 Bb5, replies other than 4...Bb4.} h6 7. Bb3 Bb4 8. O-O {The position is equal.} Bxc3 9. bxc3 {[#]} d6 $146 ({Predecessor:} 9... O-O 10. Qe2 d6 11. h3 Re8 12. Rb1 Na5 13. c4 b6 14. Bb2 Nh5 15. Ba4 Nf4 {0-1 (47) Valverde Lopez,M (2068)-Svrsek,R (2377) Remote email 2013}) 10. Qe2 Qe7 11. Nd2 g5 12. Nc4 Be6 13. Ne3 O-O-O 14. Bd5 Nb8 {[#]} ({Black should try} 14... Na7 $1 $14) 15. Rb1 (15. c4 $1 $16) 15... c6 {[#]} (15... Nxd5 $14 16. exd5 (16. Nxd5 Bxd5 17. exd5 f5 $11) 16... Bd7) 16. c4 $1 Rd7 {[#]} (16... Qc7 $16) (16... Nbd7 17. Ba3) 17. Bd2 $1 $18 Kd8 {[#]} (17... h5 $16 18. Ba5 (18. Bxe6 fxe6 19. c5 d5 $16) 18... h4) 18. Rb6 $1 Ke8 {[#]} (18... cxd5 $6 19. cxd5 Rc7 20. dxe6) 19. Rfb1 $1 Kf8 {[#]} (19... cxd5 20. cxd5) 20. Bc3 $1 cxd5 21. cxd5 Kg7 (21... Rh7 $142 22. Bb4 (22. dxe6 fxe6 23. Qf3 Rf7 $16) 22... Ne8 23. dxe6 Qxe6) 22. dxe6 fxe6 23. Nc4 Nc6 24. Na5 Nxa5 25. Bxa5 Rc8 26. c4 Rf8 (26... Rc6 $142) 27. Bc3 $16 Rf7 (27... Kg6 $16 28. c5 Rc8) 28. h3 Kh7 (28... Rc7 $16 29. Qe3 Qf8) 29. c5 $1 $18 dxc5 30. Bxe5 Ne8 31. Qc2 Ng7 32. Qc4 Qf8 33. f3 h5 34. Bxg7 Qxg7 35. Rxe6 b5 $2 (35... Qd4+ {keeps fighting.} 36. Qxd4 Rxd4) 36. Qxc5 Rxd3 37. Rxa6 Rd2 38. h4 Rxf3 39. Ra7 (39. gxf3 {gets mated.} gxh4+ 40. Rg6 Qxg6+ 41. Qg5 Qxg5+ 42. Kf1 Qg2+ 43. Ke1 Qf2#) 39... Rf7 40. Rxf7 Qxf7 {[%mdl 4096] Endgame KQR-KQR} 41. Rf1 Qg7 42. Qf5+ Qg6 43. Qf8 $2 (43. Qxb5 $18 {and the rest is easy. Black must now prevent Qb7+.} Qxe4 44. Qxg5 {[%mdl 64] Double Attack} Qd4+ 45. Kh1) 43... Rd7 $16 44. Rf6 ({Better is} 44. Qc8 $16 Re7 45. Qc5 Qxe4 46. Qxg5) 44... Qg7 $14 45. Qxg7+ Rxg7 {KR-KR} (45... Kxg7 $14 46. hxg5 Re7) 46. Rf5 $16 Kh6 {[#] This move loses the game for Black.} (46... gxh4 $16 {was worth a try.} 47. Rxb5 (47. Rxh5+ Kg6 $14) 47... Rg4) 47. Rxg5 $1 $18 ({Don't take} 47. Rxb5 $6 gxh4 48. Rb6+ Kg5 $14) 47... Rxg5 (47... Re7 $18 48. e5 b4) 48. hxg5+ {White mates.} Kxg5 49. Kh2 Kf4 50. Kh3 Kxe4 51. Kh4 Kf4 52. a3 {Weighted Error Value: White=0.24/Black=0.50} 1-0